000 00572nam a2200181 a 4500
008 120416s1947 ||||||||||||||||| || u
050 _aQA 464 Nic
100 _aNicholas, T.B
245 1 0 _aGeometry of construction
250 _a2nd ed.
260 _aLondon
_bMacmillan
_c1947
300 _a230p.:ill.
350 _a0.00
650 _aGeometrical drawing
650 _aENGINEERING
700 _akeep, Norman
995 _D0.00
_FCBU-MAIN LIBRARY (Kitwe)
_H1
_I2.00
_M1
_UAVAILABLE
_ZMain Library Open Access Collection
999 _c44509
_d44509